000 00580nam a22001697a 4500
999 _c61465
_d61465
005 20240318101036.0
008 240318s1961 ru ||||| |||| 00| 0 rus d
041 _arus
080 _a91(09) E-57
100 _aЕльницкий, Л.А.
_921444
245 _aЗнания древних о северных странах /
_c Л.А. Ельницкий.
264 _aМ.:
_bГеографгиз,
_c1962.
300 _a224 c.:
_bил.;
_c23 см.
653 _aგეოგრაფია
653 _aჩრდილოეთის ქვეყნები
942 _2udc
_cBK